FOREST management of natural forest in Malaysia : project PD 10/87 (F)

Bibliographic Details
Corporate Author: International Tropical Timber Organization (ITTO)
Format: Book
Published: Kuala Lumpur : Forestry Department Headquarters , 1994
Subjects:

MARC

LEADER 00000cam a2200000 7i4500
001 0000001557
005 20010801.0
090 0 0 |a JPSM 634.9209595   |b FOR 1994 
245 0 0 |a FOREST management of natural forest in Malaysia :   |b project PD 10/87 (F) 
260 0 0 |a Kuala Lumpur :   |b Forestry Department Headquarters ,   |c 1994 
300 |a Various pagings :   |b ill. ;   |c 30 cm. 
500 0 0 |a Bibliography : p. 47 
650 0 0 |a Forest management   |z Malaysia 
710 1 1 |a International Tropical Timber Organization (ITTO) 
998 |a JPSM 
999 |a 0000000696   |b Monograph   |c Open Shelf   |e Default branch 
999 |a 000000696   |b Monograph   |c Open Shelf   |e Default branch